| 000 | 00816cam a2200265 4500 | ||
|---|---|---|---|
| 999 |
_c2551 _d2551 |
||
| 001 | 299155 | ||
| 003 | GZU | ||
| 005 | 20201124145052.0 | ||
| 008 | 730717s1973 pau b 001 0 eng | ||
| 010 | _a 72077588 | ||
| 020 | _a0803613253 | ||
| 040 |
_aDLC _cDLC _dDLC |
||
| 043 | _an-us--- | ||
| 050 | 0 | 0 |
_aHQ536 _bBRY 1973 |
| 100 | 1 |
_aBryant, Clifton D., _d1932- _ecomp. |
|
| 245 | 1 | 0 |
_aDeviancy and the family / _cEdited by Clifton D. Bryant [and] J. Gipson Wells. |
| 260 |
_aPhiladelphia, _bF. A. Davis Co. _c[1973] |
||
| 300 |
_aix, 472 p. _c23 cm. |
||
| 504 | _aIncludes bibliographical references. | ||
| 650 | 0 |
_aFamilies _zUnited States. |
|
| 650 | 0 | _aDeviant behavior. | |
| 700 | 1 |
_aWells, J. Gipson, _ejoint comp. |
|
| 906 |
_a7 _bcbc _corignew _d2 _eopcn _f19 _gy-gencatlg |
||
| 942 |
_2lcc _cBK _h536 _iBRY _kHQ |
||